000 00205nam a2200097Ia 4500
008 240521s1999 xx 000 0 und d
041 _aeng
100 _aPANDEY B. N.
245 _aNEHRU.
260 _c1999
999 _c1159174
_d1159174